000 00221nam a22000857a 4500
008 170220b xxu||||| |||| 00| 0 eng d
100 _92920
_aRaja Pocket Book
245 _aLittle Red Riding Hood
260 _aNew Delhi
_bRPB
_c2007
999 _c6157
_d6157